[Event "ARS Festival"]
[Site "Roma ITA"]
[Date "1995.02.??"]
[Round "?"]
[White "Del Mese, Sergio"]
[Black "Ludovici, Roberto"]
[Result "1-0"]
[WhiteElo "1618"]
[BlackElo "1827"]
[PlyCount "113"]
[EventDate "1995.02.??"]

1. e4 e5 2. Nf3 Nf6 3. d4 Nxe4 4. Bd3 d5 5. Nxe5 Bd6 6. O-O O-O 7. c4 Bxe5 8.
dxe5 Nc6 9. cxd5 Qxd5 10. Qc2 Nb4 11. Bxe4 Nxc2 12. Bxd5 Bf5 13. g4 Bxg4 14.
Be4 Nxa1 15. Na3 Rad8 16. f3 Bh3 17. Re1 f5 18. exf6 gxf6 19. Bh6 Rfe8 20. Rxa1
Rd6 21. Bf4 Rb6 22. Re1 Kg7 23. Rd1 Rxb2 24. Bxc7 Rxa2 25. Nb5 b6 26. Nd4 Ra5
27. Kf2 Kh8 28. Rd2 Rg8 29. Bg3 b5 30. Nc6 Ra1 31. Rc2 Bf1 32. Rb2 Bc4 33. Ne7
Rd8 34. Nf5 h5 35. Bh4 Kg8 36. Bxf6 Rf1+ 37. Ke3 Rdd1 38. Rg2+ Kf7 39. Be5 Ke6
40. Kf4 Rg1 41. Ng7+ Ke7 42. Rxg1 Rxg1 43. Nxh5 a5 44. Ng3 a4 45. Nf5+ Kf8 46.
h4 Bf7 47. Bd6+ Kg8 48. Ke5 Bc4 49. Kf6 Kh8 50. Nh6 Rg7 51. Be5 b4 52. Nf5 Rf7+
53. Kg6+ Kg8 54. Nh6+ Kf8 55. Bd6+ Ke8 56. Bc6+ Rd7 57. Bxb4 1-0

[Event "ARS Festival"]
[Site "Roma ITA"]
[Date "1995.02.??"]
[Round "?"]
[White "Del Mese, Sergio"]
[Black "Pezzaldi, Roberto"]
[Result "0-1"]
[WhiteElo "1618"]
[BlackElo "1791"]
[PlyCount "102"]
[EventDate "1995.02.??"]

1. e4 e6 2. d4 d5 3. e5 c5 4. c3 Nc6 5. Nf3 Qb6 6. Be2 cxd4 7. cxd4 Nge7 8. Na3
Nf5 9. Nc2 Bb4+ 10. Kf1 h5 11. a3 Be7 12. b4 Bd7 13. Be3 a6 14. Rc1 Na7 15. Na1
Bb5 16. Nb3 Ba4 17. Qd3 Bb5 18. Qd2 Bxe2+ 19. Qxe2 Nb5 20. Qb2 O-O 21. g3 f6
22. Nc5 Nxe3+ 23. fxe3 fxe5 24. Kg2 e4 25. Ne5 Bxc5 26. bxc5 Qa5 27. Rb1 Qxa3
28. Qxa3 Nxa3 29. Rxb7 Nc2 30. Rb3 Rab8 31. Rc3 Rb2 32. Kh3 g5 33. c6 a5 34. c7
Rc8 35. Rf1 Nxe3 36. Rxe3 Rxc7 37. Ra3 Rcc2 38. Rh1 Ra2 39. Rxa2 Rxa2 40. Rb1
Rd2 41. g4 hxg4+ 42. Kxg4 Rxd4 43. Kxg5 Rb4 44. Rg1 Rb7 45. Kf6+ Kh7 46. Rg3 d4
47. Nc6 d3 48. Ne7 Rxe7 49. Kxe7 d2 50. Kf7 Kh6 51. Kf6 d1=Q 0-1

[Event "ARS Festival"]
[Site "Roma ITA"]
[Date "1995.02.??"]
[Round "?"]
[White "Del Mese, Sergio"]
[Black "Pierangeli, Andrea"]
[Result "1-0"]
[WhiteElo "1618"]
[BlackElo "1711"]
[PlyCount "75"]
[EventDate "1995.02.??"]

1. e4 c5 2. Nf3 d6 3. d4 cxd4 4. Nxd4 a6 5. g3 g6 6. Bg2 Bg7 7. c3 Nf6 8. O-O
O-O 9. Bd2 Nc6 10. Na3 Rb8 11. Nac2 d5 12. Nxc6 bxc6 13. exd5 cxd5 14. Nb4 Qd6
15. Qc1 Re8 16. Rd1 Bg4 17. Re1 e5 18. Bh6 Bh8 19. h3 Bf5 20. Rd1 Be6 21. Rd2
a5 22. Nxd5 Nxd5 23. Bxd5 Bxd5 24. c4 Rbc8 25. Rxd5 Qb4 26. b3 Rc5 27. Bd2 Rxc4
28. bxc4 Qb7 29. Rb1 Qc8 30. Rxa5 Qxh3 31. Qf1 Qe6 32. Rab5 Qd6 33. Be3 h5 34.
Qd1 Qc7 35. Qb3 Bf6 36. Rb8 Qd7 37. Rxe8+ Qxe8 38. Qb8 1-0

[Event "ARS Festival"]
[Site "Roma ITA"]
[Date "1995.02.??"]
[Round "?"]
[White "Del Mese, Sergio"]
[Black "Simeoni, Matteo"]
[Result "0-1"]
[WhiteElo "1618"]
[BlackElo "1710"]
[PlyCount "68"]
[EventDate "1995.02.??"]

1. e4 c5 2. Nf3 d6 3. d4 cxd4 4. Nxd4 Nf6 5. Nc3 a6 6. g3 e5 7. Nde2 b5 8. Bg2
Bb7 9. O-O Be7 10. b3 O-O 11. Nd5 Nxd5 12. exd5 Nd7 13. Ba3 Rc8 14. Qd3 f5 15.
c3 e4 16. Qc2 Qa5 17. Bb2 Bxd5 18. Rfd1 Ba8 19. Qd2 Nf6 20. Nf4 d5 21. Ne6 Rfe8
22. Qg5 Bf8 23. Qxf5 Qb6 24. Nd4 Rc7 25. Rd2 Rce7 26. h3 Re5 27. Qf4 Nh5 28.
Qg4 Qh6 29. Rad1 Bc5 30. c4 e3 31. Re2 exf2+ 32. Rxf2 bxc4 33. bxc4 Qb6 34.
Rfd2 34... Nf6 {...} 0-1

[Event "ARS Festival"]
[Site "Roma ITA"]
[Date "1995.02.??"]
[Round "?"]
[White "Farina, Saverio"]
[Black "Casula, Stefano"]
[Result "1/2-1/2"]
[WhiteElo "2120"]
[BlackElo "1978"]
[PlyCount "57"]
[EventDate "1995.02.??"]

1. d4 Nf6 2. c4 a6 3. Nc3 c5 4. e3 e6 5. Nf3 d5 6. a3 Nc6 7. dxc5 Bxc5 8. b4
Ba7 9. Bb2 O-O 10. Qc2 Qe7 11. Rd1 Rd8 12. Be2 d4 13. exd4 Nxd4 14. Nxd4 Bxd4
15. O-O e5 16. h3 Be6 17. Rfe1 Rac8 18. c5 b6 19. Bxa6 Ra8 20. Bd3 bxc5 21. b5
c4 22. Bf5 Bxf5 23. Qxf5 Qc7 24. Ra1 Qb6 25. a4 g6 26. Qc2 Nh5 27. Ne4 Rac8 28.
Bc3 Nf4 29. Rab1 1/2-1/2

[Event "ARS Festival"]
[Site "Roma ITA"]
[Date "1995.02.??"]
[Round "?"]
[White "Farina, Saverio"]
[Black "Guarnieri, Giuseppe"]
[Result "1/2-1/2"]
[WhiteElo "2120"]
[BlackElo "1752"]
[PlyCount "50"]
[EventDate "1995.02.??"]

1. d4 Nf6 2. c4 g6 3. Nc3 Bg7 4. e4 d6 5. Nge2 O-O 6. Ng3 e5 7. d5 a5 8. Be2
Nbd7 9. h4 h5 10. Bg5 Nc5 11. Bxh5 Qe8 12. Be2 Nh7 13. Nb5 Na6 14. Qd2 f5 15.
exf5 Bxf5 16. Bh6 Qf7 17. Bxg7 Kxg7 18. h5 g5 19. h6+ Kh8 20. Bh5 Qf6 21. Bd1
Nb4 22. Nxf5 Qxf5 23. Rh3 Qe4+ 24. Qe2 Qxg2 25. Rg3 Qh1+ 1/2-1/2

[Event "ARS Festival"]
[Site "Roma ITA"]
[Date "1995.02.??"]
[Round "?"]
[White "Franchi, Jose' Maria"]
[Black "Galeno, Giorgio"]
[Result "1/2-1/2"]
[WhiteElo "1630"]
[BlackElo "1635"]
[PlyCount "50"]
[EventDate "1995.02.??"]

1. d4 Nf6 2. c4 c5 3. Nf3 g6 4. Nc3 d6 5. d5 Bg7 6. e4 O-O 7. Bd3 a5 8. O-O Ng4
9. Re1 Nd7 10. Bg5 h6 11. Bf4 Nge5 12. Bf1 Nxf3+ 13. Qxf3 Ne5 14. Qg3 f5 15.
exf5 Bxf5 16. Ne4 Rf7 17. Qh4 Bxe4 18. Rxe4 Qd7 19. Rae1 Raf8 20. Be3 b6 21.
Bd2 Qf5 22. Rf4 Qc2 23. Rxf7 Rxf7 24. Bc3 Bf6 25. Qg3 Qf5 1/2-1/2

[Event "ARS Festival"]
[Site "Roma ITA"]
[Date "1995.02.??"]
[Round "?"]
[White "Franchi, Jose' Maria"]
[Black "Ragonese, Lucio Rosario"]
[Result "0-1"]
[WhiteElo "1630"]
[BlackElo "1842"]
[PlyCount "72"]
[EventDate "1995.02.??"]

1. Nf3 c6 2. e4 d5 3. Nc3 dxe4 4. Nxe4 Nd7 5. d4 Ngf6 6. Ng3 Nb6 7. Bd3 Bg4 8.
c3 e6 9. h3 Bxf3 10. Qxf3 Bd6 11. O-O O-O 12. Bg5 Be7 13. Rad1 Nbd7 14. Rfe1
Qa5 15. Bxf6 Nxf6 16. a3 Rfd8 17. Ne4 Nxe4 18. Qxe4 g6 19. Re3 Qd5 20. Qg4 Qg5
21. Qf3 Bd6 22. Re4 Bc7 23. h4 Qe7 24. g3 Rd5 25. Kg2 Rad8 26. Qe3 Qf6 27. Bc4
Rf5 28. Rh1 e5 29. dxe5 Rxe5 30. Rxe5 Qxe5 31. Qf3 Rd7 32. h5 Kg7 33. hxg6 hxg6
34. Qg4 Rd2 35. Qf3 f5 36. Rd1 Rxd1 0-1

[Event "ARS Festival"]
[Site "Roma ITA"]
[Date "1995.02.??"]
[Round "?"]
[White "Franchi, Jose' Maria"]
[Black "Righetti, Gianfranco"]
[Result "1-0"]
[WhiteElo "1630"]
[BlackElo "1660"]
[PlyCount "49"]
[EventDate "1995.02.??"]

1. e4 c5 2. Nf3 d6 3. d4 cxd4 4. Nxd4 Nf6 5. Nc3 Nc6 6. Bc4 e6 7. Be3 Be7 8.
Qe2 O-O 9. O-O-O Nxd4 10. Bxd4 a6 11. Rhg1 b5 12. Bb3 Bb7 13. g4 Bc6 14. g5 Nd7
15. f4 b4 16. Nb1 Qc7 17. f5 exf5 18. exf5 Ne5 19. Nd2 Rfe8 20. g6 hxg6 21.
fxg6 Bf6 22. gxf7+ Nxf7 23. Qg4 Bd7 24. Qxg7+ Bxg7 25. Rxg7+ 1-0

[Event "ARS Festival"]
[Site "Roma ITA"]
[Date "1995.02.??"]
[Round "?"]
[White "Franchi, Jose' Maria"]
[Black "Verrascina, Nicola"]
[Result "0-1"]
[WhiteElo "1630"]
[BlackElo "2035"]
[PlyCount "56"]
[EventDate "1995.02.??"]

1. e4 Nf6 2. e5 Nd5 3. d4 d6 4. Nf3 Nc6 5. c4 Nb6 6. exd6 cxd6 7. Bd3 Bg4 8.
Be3 g6 9. h3 Bxf3 10. Qxf3 Bg7 11. Na3 Na4 12. Nc2 Nxb2 13. Be4 Rc8 14. O-O O-O
15. Qe2 Na5 16. c5 Nbc4 17. cxd6 Qxd6 18. Rab1 b6 19. Qf3 Nxe3 20. fxe3 f5 21.
Bd3 e5 22. e4 fxe4 23. Qxe4 exd4 24. Rbe1 Nc6 25. Bc4+ Kh8 26. Bb3 d3 27. Rxf8+
Rxf8 28. Rd1 dxc2 0-1

[Event "ARS Festival"]
[Site "Roma ITA"]
[Date "1995.02.??"]
[Round "?"]
[White "Galdelli, Fabiano"]
[Black "Buffoni, Luca"]
[Result "0-1"]
[WhiteElo "1624"]
[BlackElo "1561"]
[PlyCount "116"]
[EventDate "1995.02.??"]

1. e4 e5 2. Nf3 Nf6 3. Nc3 Bb4 4. Nd5 Nxd5 5. exd5 O-O 6. c3 e4 7. Nd4 Bc5 8.
Qa4 Qf6 9. Qc4 b6 10. b4 Ba6 11. b5 Bb7 12. Bb2 d6 13. a4 Nd7 14. Be2 Ne5 15.
Qb3 Nd3+ 16. Bxd3 exd3 17. Nf3 Qe7+ 18. Kd1 Qe2+ 19. Kc1 Bxf2 20. c4 Rae8 21.
Qc3 f6 22. Kb1 Bc8 23. h3 Bg3 24. Ka2 Be5 25. Nxe5 Rxe5 26. Rae1 Qxg2 27. Qxd3
Bf5 28. Qc3 Rxe1 29. Rxe1 Qxh3 30. Qd4 Qd3 31. Qf4 g5 32. Rg1 Qb1+ 33. Ka3 Qxg1
34. Qxf5 Kg7 35. Qe4 h5 36. Qe7+ Kg8 37. Bxf6 Rxf6 38. Qxf6 Qc1+ 39. Kb3 Qb1+
40. Ka3 Qd3+ 41. Kb4 Qxd2+ 42. Kb3 Qd3+ 43. Kb4 Qb1+ 44. Ka3 Qc1+ 45. Kb3 Qd1+
46. Ka3 Qd3+ 47. Kb4 Qd2+ 48. Kb3 Qe3+ 49. Kb4 Qe1+ 50. Kb3 Qd1+ 51. Ka3 Qd3+
52. Kb4 Qd2+ 53. Kb3 Qe3+ 54. Kb4 h4 55. Qd8+ Kf7 56. Qxc7+ Qe7 57. Qc8 Kg6 58.
Qg4 Qe1+ 0-1

[Event "ARS Festival"]
[Site "Roma ITA"]
[Date "1995.02.??"]
[Round "?"]
[White "Galdelli, Fabiano"]
[Black "Tosoni, Augusto"]
[Result "0-1"]
[WhiteElo "1624"]
[BlackElo "1936"]
[PlyCount "62"]
[EventDate "1995.02.??"]

1. e4 c5 2. Nf3 d6 3. d4 cxd4 4. Nxd4 Nf6 5. Nc3 g6 6. Nd5 Nxe4 7. Bb5+ Bd7 8.
Qe2 Bxb5 9. Qxe4 Bg7 10. Nxb5 Na6 11. O-O e6 12. Re1 O-O 13. Ndc3 d5 14. Qf3 d4
15. Ne4 Qa5 16. Qe2 d3 17. cxd3 Qxb5 18. Qf3 Rfd8 19. Ng5 Rd7 20. Qh3 h5 21.
Be3 Nc5 22. Bxc5 Qxc5 23. Ne4 Qb5 24. Rac1 Rad8 25. a4 Qxb2 26. Ng5 Qb3 27. Rb1
Qxa4 28. Re4 Qc2 29. Rbe1 Rxd3 30. g3 Rd1 31. Nf3 Qxe4 0-1

[Event "ARS Festival"]
[Site "Roma ITA"]
[Date "1995.02.??"]
[Round "?"]
[White "Galeno, Giorgio"]
[Black "Marino Bravo, Marco Antonio"]
[Result "0-1"]
[WhiteElo "1635"]
[BlackElo "2165"]
[PlyCount "58"]
[EventDate "1995.02.??"]

1. d4 Nf6 2. c4 g6 3. Nc3 Bg7 4. e4 d6 5. Nge2 Nbd7 6. Ng3 e5 7. d5 a5 8. Be2
O-O 9. Bg5 h6 10. Be3 Nc5 11. Bxc5 dxc5 12. a4 Nd7 13. O-O Nb8 14. Qd2 Na6 15.
Na2 b6 16. Rad1 Qd6 17. h3 Bd7 18. b3 Kh7 19. Bg4 Be8 20. Qd3 h5 21. Be2 Bd7
22. f4 exf4 23. Nxh5 gxh5 24. Bxh5 Be5 25. Kh1 Qh6 26. Be2 Rg8 27. Rf3 Rg6 28.
Bf1 Rf8 29. Qe2 Bg4 0-1

[Event "ARS Festival"]
[Site "Roma ITA"]
[Date "1995.02.??"]
[Round "?"]
[White "Galeno, Giorgio"]
[Black "Scacco, Mauro"]
[Result "0-1"]
[WhiteElo "1635"]
[BlackElo "2004"]
[PlyCount "36"]
[EventDate "1995.02.??"]

1. d4 Nf6 2. c4 c5 3. d5 b5 4. Nf3 g6 5. Qc2 Bg7 6. e4 bxc4 7. Bxc4 d6 8. O-O
O-O 9. Nbd2 Nbd7 10. Rb1 Nb6 11. Re1 e6 12. b4 exd5 13. bxc5 Nxc4 14. Nxc4 dxc4
15. Rd1 Nxe4 16. Be3 d5 17. Qxe4 dxe4 18. Rxd8 Rxd8 0-1

[Event "ARS Festival"]
[Site "Roma ITA"]
[Date "1995.02.??"]
[Round "?"]
[White "Galeno, Giorgio"]
[Black "Simeoni, Matteo"]
[Result "1-0"]
[WhiteElo "1635"]
[BlackElo "1710"]
[PlyCount "79"]
[EventDate "1995.02.??"]

1. d4 d6 2. c4 Nf6 3. Nc3 e6 4. e4 Be7 5. Be2 Nbd7 6. f4 e5 7. fxe5 dxe5 8. d5
Nc5 9. Qc2 Bg4 10. Bg5 Bxe2 11. Qxe2 Nxd5 12. cxd5 Bxg5 13. Qb5+ Nd7 14. Nf3
Bf6 15. Qxb7 Rb8 16. Qxa7 Rxb2 17. O-O O-O 18. Rfb1 Qb8 19. Qxb8 Rfxb8 20. Rxb2
Rxb2 21. Rb1 Rxb1+ 22. Nxb1 Be7 23. Nfd2 Bb4 24. Kf2 f6 25. Ke3 Kf7 26. Kd3 Nb6
27. a3 Bxd2 28. Nxd2 Ke7 29. g4 Kd6 30. Nc4+ Kc5 31. Nxb6 Kxb6 32. Kc4 g6 33.
a4 h6 34. h3 Kb7 35. Kc5 Kb8 36. a5 Kb7 37. d6 cxd6+ 38. Kxd6 f5 39. gxf5 gxf5
40. Kxe5 1-0

[Event "ARS Festival"]
[Site "Roma ITA"]
[Date "1995.02.??"]
[Round "?"]
[White "Guarnieri, Giuseppe"]
[Black "Karanikolas, Dimitrios"]
[Result "0-1"]
[WhiteElo "1752"]
[BlackElo "2095"]
[PlyCount "56"]
[EventDate "1995.02.??"]

1. d4 d5 2. Nf3 Nf6 3. e3 e6 4. Ne5 Be7 5. Bd3 b6 6. O-O O-O 7. Nd2 Bb7 8. f4
c5 9. c3 Nc6 10. Ndf3 Ne4 11. Nxc6 Bxc6 12. Ne5 Bb7 13. g4 Bd6 14. Qe1 Bxe5 15.
Bxe4 Ba6 16. Rf2 dxe4 17. fxe5 Qh4 18. Qd1 f6 19. exf6 Rxf6 20. Rxf6 Qxf6 21.
Bd2 Rf8 22. Qe1 h5 23. gxh5 Qf3 24. Qg3 Qxh5 25. Kh1 Be2 26. h4 Rf3 27. Qg5
Rh3+ 28. Kg1 Qf3 0-1

[Event "ARS Festival"]
[Site "Roma ITA"]
[Date "1995.02.??"]
[Round "?"]
[White "Guarnieri, Giuseppe"]
[Black "Marino Bravo, Marco Antonio"]
[Result "1-0"]
[WhiteElo "1752"]
[BlackElo "2165"]
[PlyCount "65"]
[EventDate "1995.02.??"]

1. d4 Nf6 2. Nf3 d6 3. e3 g6 4. Be2 Bg7 5. O-O O-O 6. c4 c6 7. b4 Nbd7 8. Bb2
d5 9. c5 Re8 10. a4 a6 11. Nbd2 h6 12. Ne5 Nxe5 13. dxe5 Nd7 14. f4 f6 15. Qc2
Nf8 16. Bd3 f5 17. Nf3 Be6 18. Nd4 Qd7 19. Kh1 Bf7 20. Qe2 Ne6 21. Nxe6 Bxe6
22. Bd4 Ra7 23. Ra2 Rea8 24. Qe1 Bf7 25. Qb1 Qe6 26. g4 fxg4 27. f5 Qc8 28. f6
exf6 29. exf6 Bf8 30. Bxg6 Qe6 31. Bf5 Qe8 32. Rg1 h5 33. Rag2 1-0

[Event "ARS Festival"]
[Site "Roma ITA"]
[Date "1995.02.??"]
[Round "?"]
[White "Guarnieri, Giuseppe"]
[Black "Pompa, Alessandro"]
[Result "1-0"]
[WhiteElo "1752"]
[BlackElo "2058"]
[PlyCount "40"]
[EventDate "1995.02.??"]

1. d4 e6 2. Nf3 b6 3. e3 Bb7 4. Bd3 Be7 5. O-O f5 6. c4 Nf6 7. Nc3 O-O 8. a3
Qe8 9. d5 Qh5 10. Ne5 Qxd1 11. Rxd1 d6 12. Nf3 exd5 13. cxd5 Nfd7 14. b4 Ne5
15. Nd4 g6 16. Be2 Nbd7 17. Ne6 Rfc8 18. Bb2 Nf8 19. Nxf8 Kxf8 20. Nb5 20...
Nd7 $139 1-0

[Event "ARS Festival"]
[Site "Roma ITA"]
[Date "1995.02.??"]
[Round "?"]
[White "Guarnieri, Giuseppe"]
[Black "Ragonese, Lucio Rosario"]
[Result "1-0"]
[WhiteElo "1752"]
[BlackElo "1842"]
[PlyCount "47"]
[EventDate "1995.02.??"]

1. d4 d5 2. Nf3 c6 3. Bf4 Qb6 4. b3 Bf5 5. e3 e6 6. Be2 Nf6 7. O-O Nbd7 8. Nbd2
Ne4 9. Nxe4 dxe4 10. Nd2 Nf6 11. c4 Be7 12. g4 Bg6 13. c5 Qd8 14. Be5 O-O 15.
Bxf6 Bxf6 16. Bc4 Qc7 17. Qc2 e5 18. Nxe4 Bxe4 19. Qxe4 exd4 20. Qf5 dxe3 21.
Bd3 exf2+ 22. Rxf2 Rfe8 23. Qxh7+ Kf8 24. Rxf6 1-0

[Event "ARS Festival"]
[Site "Roma ITA"]
[Date "1995.02.??"]
[Round "?"]
[White "Iatrino, Vincenzo"]
[Black "Baldini, Savino"]
[Result "1-0"]
[WhiteElo "1716"]
[BlackElo "1788"]
[PlyCount "105"]
[EventDate "1995.02.??"]

1. e4 e6 2. d4 d5 3. Nc3 Nf6 4. e5 Nfd7 5. Be3 c5 6. Nf3 cxd4 7. Qxd4 a6 8. Qg4
Nc6 9. Qg3 b5 10. Be2 b4 11. Na4 Qa5 12. b3 d4 13. Bf4 Nb6 14. Nxb6 Qxb6 15.
Nd2 Bb7 16. Nc4 Qc5 17. O-O g6 18. Bg5 Be7 19. Bxe7 Qxe7 20. Nd6+ Kf8 21. Rad1
Rd8 22. f4 Rxd6 23. exd6 Qxd6 24. Bf3 Kg7 25. Rd2 Rd8 26. Rfd1 Qc5 27. Qf2 Rd6
28. Be4 a5 29. h3 Qc3 30. Rd3 Qc5 31. Rg3 f6 32. Kh2 Rd7 33. Re1 Nd8 34. Bxb7
Rxb7 35. Rd3 Rd7 36. Qe2 Rd5 37. Rf3 Qd6 38. Qc4 Nc6 39. Qa6 Ne5 40. Qa7+ Nf7
41. Rd1 e5 42. fxe5 Qxe5+ 43. Kh1 Rc5 44. Rdf1 Rc7 45. Qb6 f5 46. R3f2 Ng5 47.
Kg1 Ne4 48. Re2 Qc5 49. Qxc5 Rxc5 50. Rfe1 Kf6 51. Kh2 g5 52. g3 Rc3 53. g4 1-0

[Event "ARS Festival"]
[Site "Roma ITA"]
[Date "1995.02.??"]
[Round "?"]
[White "Iatrino, Vincenzo"]
[Black "Casula, Stefano"]
[Result "0-1"]
[WhiteElo "1716"]
[BlackElo "1978"]
[PlyCount "124"]
[EventDate "1995.02.??"]

1. e4 Nf6 2. Nc3 d6 3. d4 c6 4. f4 Qa5 5. Bd3 e5 6. dxe5 dxe5 7. f5 b5 8. Bd2
b4 9. Nce2 Ba6 10. a3 Qb6 11. Ng3 Bxd3 12. cxd3 Qd4 13. Qb3 bxa3 14. Bc3 Qe3+
15. N1e2 Nbd7 16. bxa3 Nc5 17. Nf1 Qxe2+ 18. Kxe2 Nxb3 19. Rb1 Nd4+ 20. Kd2
Bxa3 21. Rb7 O-O 22. Ne3 Rfd8 23. Nc4 Bc5 24. Nxe5 Nb5 25. Ba5 Nd6 26. Bxd8
Nxb7 27. Bxf6 gxf6 28. Nxc6 Rc8 29. Rb1 Rxc6 30. Rxb7 Bd4 31. Rd7 Bc3+ 32. Ke3
a5 33. Ra7 Rd6 34. Ke2 Kf8 35. h4 Ke8 36. h5 Rd7 37. Ra6 Kd8 38. Rc6 Rc7 39.
Rd6+ Kc8 40. d4 Kb7 41. d5 a4 42. Rd8 a3 43. d6 a2 44. dxc7 Kxc7 45. Ra8 a1=Q
46. Rxa1 Bxa1 47. Kf3 Kd6 48. Kf4 Bc3 49. Ke3 Ke5 50. g3 Be1 51. g4 Bh4 52. Kf3
Bg5 53. Kg3 Kxe4 54. h6 Ke3 55. Kg2 Kf4 56. Kh3 Kf3 57. Kh2 Kxg4 58. Kg2 Kxf5
59. Kf3 Bc1 60. Ke2 Kg4 61. Kf2 f5 62. Ke2 Kg3 0-1

[Event "ARS Festival"]
[Site "Roma ITA"]
[Date "1995.02.??"]
[Round "?"]
[White "Iatrino, Vincenzo"]
[Black "Russo, Roberto"]
[Result "0-1"]
[WhiteElo "1716"]
[BlackElo "1570"]
[PlyCount "98"]
[EventDate "1995.02.??"]

1. e4 d6 2. d4 Nf6 3. Nc3 g6 4. f4 Bg7 5. Nf3 c5 6. e5 Nfd7 7. e6 fxe6 8. Ng5
Nf6 9. Bb5+ Nc6 10. Nxe6 Bxe6 11. d5 Nxd5 12. Nxd5 Bxd5 13. O-O Be6 14. Re1 Qd7
15. Qe2 Bg4 16. Qe4 O-O 17. c3 Rae8 18. h3 d5 19. Qd3 Bf5 20. Qe2 Qd8 21. Be3
e5 22. Bxc5 exf4 23. Qd2 Rxe1+ 24. Rxe1 Rf7 25. Ba4 h6 26. Bb3 Kh7 27. Qxf4 Qd7
28. Qg3 Be4 29. Qe3 Qf5 30. Bd1 h5 31. b4 b6 32. Bd4 Bxd4 33. cxd4 Nxb4 34. g4
hxg4 35. hxg4 Qf4 36. Qh3+ Qh6 37. Qxh6+ Kxh6 38. Bb3 Rf4 39. Bd1 Nxa2 40. Be2
Nc3 41. Ba6 b5 42. Kh2 Kg5 43. Bc8 b4 44. Rc1 b3 45. Bf5 b2 46. Rxc3 b1=Q 47.
Bxe4 Qxe4 48. Rg3 Rf2+ 49. Kg1 Qe1# 0-1

[Event "ARS Festival"]
[Site "Roma ITA"]
[Date "1995.02.??"]
[Round "?"]
[White "Karanikolas, Dimitrios"]
[Black "Laudati, Adriano"]
[Result "1/2-1/2"]
[WhiteElo "2095"]
[BlackElo "1729"]
[PlyCount "140"]
[EventDate "1995.02.??"]

1. e4 c5 2. Nf3 d6 3. d4 cxd4 4. Nxd4 Nf6 5. Nc3 g6 6. Be3 Bg7 7. f3 Nc6 8. Qd2
O-O 9. g4 Be6 10. O-O-O Nxd4 11. Bxd4 Qa5 12. Kb1 Rfc8 13. h4 b5 14. Nd5 Qxd2
15. Nxf6+ Bxf6 16. Rxd2 Bxd4 17. Rxd4 Rc5 18. Rh2 a5 19. Rhd2 Rac8 20. Be2 f6
21. f4 Kg7 22. a3 a4 23. c3 Kf7 24. Kc2 Bb3+ 25. Kd3 Bc4+ 26. Ke3 Bxe2 27. Rxe2
Rc4 28. Rd5 R8c5 29. Red2 Ke6 30. f5+ Kf7 31. Rxc5 Rxc5 32. fxg6+ Kxg6 33. Kf4
Kf7 34. Rd3 h6 35. Kf3 Ke6 36. Rd4 d5 37. exd5+ Rxd5 38. Rb4 Kd6 39. c4 bxc4
40. Rxc4 Rb5 41. Rxa4 Rxb2 42. Ra5 Ke6 43. Ke4 Rh2 44. h5 Rg2 45. Kf3 Ra2 46.
Ra8 Kf7 47. a4 Kg7 48. Ra7 Kf7 49. Ke3 Rg2 50. Kf4 Rf2+ 51. Kg3 Ra2 52. Kf3 Ke6
53. Kf4 Rf2+ 54. Kg3 Ra2 55. Kf3 Ra3+ 56. Ke4 Rg3 57. Ra6+ Kf7 58. Kf5 Rf3+ 59.
Ke4 Rg3 60. Kf4 Ra3 61. Ra7 Ke6 62. Ra8 Kf7 63. Ra6 Ra2 64. Ra7 Ke6 65. Ra8 Kf7
66. Kg3 Ra3+ 67. Kh4 Ra2 68. a5 Ra4 69. Rh8 Kg7 70. Re8 Kf7 1/2-1/2

[Event "ARS Festival"]
[Site "Roma ITA"]
[Date "1995.02.??"]
[Round "?"]
[White "Karanikolas, Dimitrios"]
[Black "Quimi, Marco"]
[Result "0-1"]
[WhiteElo "2095"]
[BlackElo "2200"]
[PlyCount "54"]
[EventDate "1995.02.??"]

1. e4 c5 2. Nf3 d6 3. b3 Nf6 4. Bb5+ Nbd7 5. Qe2 e5 6. O-O Be7 7. d3 a6 8.
Bxd7+ Bxd7 9. Bg5 h6 10. Bxf6 Bxf6 11. c4 g6 12. Nc3 O-O 13. Ne1 Bg7 14. Nc2 f5
15. Ne3 f4 16. Ned5 f3 17. Qe3 Qh4 18. Kh1 fxg2+ 19. Kxg2 Bg4 20. Qg3 Bf3+ 21.
Kg1 Qh5 22. h3 Rf4 23. Ne3 Raf8 24. Rae1 Bf6 25. Ng2 Bh4 26. Qh2 Bxg2 27. Qxg2
Bxf2+ 0-1

[Event "ARS Festival"]
[Site "Roma ITA"]
[Date "1995.02.??"]
[Round "?"]
[White "Karanikolas, Dimitrios"]
[Black "Scacco, Mauro"]
[Result "1-0"]
[WhiteElo "2095"]
[BlackElo "2004"]
[PlyCount "99"]
[EventDate "1995.02.??"]

1. e4 e5 2. Nf3 Nc6 3. d4 exd4 4. Nxd4 Bc5 5. Be3 Qf6 6. c3 Nge7 7. Bc4 O-O 8.
O-O Ne5 9. Be2 d5 10. Nd2 Bb6 11. Re1 Qh4 12. N4f3 Nxf3+ 13. Nxf3 Qh5 14. Bxb6
axb6 15. Nd4 Qg6 16. Bf3 Be6 17. Nxe6 fxe6 18. exd5 Nxd5 19. Bxd5 exd5 20.
Qxd5+ Qf7 21. Qxf7+ Rxf7 22. a3 Rd8 23. Re2 Rfd7 24. Rae1 Kf7 25. f3 b5 26. Kf2
c6 27. Re4 h6 28. R1e2 Rc7 29. Rf4+ Kg6 30. Re6+ Kh7 31. Rfe4 Rd2+ 32. Re2 Rdd7
33. Ke3 Kg8 34. Rd2 Kf7 35. Re4 Kf6 36. Rxd7 Rxd7 37. Rf4+ Kg6 38. Rd4 Re7+ 39.
Kf2 Kf6 40. h4 h5 41. Rd8 g6 42. Rd6+ Kf7 43. g3 Kg7 44. g4 hxg4 45. fxg4 Kf7
46. Kf3 Kg7 47. Kf4 Rf7+ 48. Kg5 Re7 49. Rxg6+ Kh7 50. Rd6 1-0

[Event "ARS Festival"]
[Site "Roma ITA"]
[Date "1995.02.??"]
[Round "?"]
[White "Karanikolas, Dimitrios"]
[Black "Simeone, Giulio"]
[Result "1-0"]
[WhiteElo "2095"]
[BlackElo "1651"]
[PlyCount "83"]
[EventDate "1995.02.??"]

1. e4 d6 2. d4 Nf6 3. Nc3 e6 4. Nf3 Be7 5. Be2 b6 6. O-O Bb7 7. d5 exd5 8. exd5
Nbd7 9. Re1 O-O 10. h3 Re8 11. a4 a6 12. Be3 Ne5 13. Qd2 Qd7 14. Rad1 Rad8 15.
Bf4 Ng6 16. Bh2 Bf8 17. Qd4 Ne7 18. Qc4 Rc8 19. Bg3 Nf5 20. Bf4 g6 21. Bg5 Bg7
22. g4 Ne7 23. Bxf6 Bxf6 24. Ne4 Bg7 25. Bf1 f5 26. Neg5 fxg4 27. hxg4 Rf8 28.
Bg2 Bf6 29. Ne6 Rf7 30. c3 Kh8 31. Nfg5 Bxg5 32. Nxg5 Rff8 33. Qd4+ Kg8 34. Re3
Rce8 35. Rh3 h5 36. Ne6 Rf7 37. c4 Rh7 38. b3 Bc8 39. Be4 Rf7 40. Rdd3 Ref8 41.
Rdg3 Rxf2 42. Qg7# 1-0

[Event "ARS Festival"]
[Site "Roma ITA"]
[Date "1995.02.??"]
[Round "?"]
[White "Karanikolas, Dimitrios"]
[Black "Verrascina, Nicola"]
[Result "1-0"]
[WhiteElo "2095"]
[BlackElo "2035"]
[PlyCount "143"]
[EventDate "1995.02.??"]

1. Nf3 f5 2. c4 g6 3. Nc3 Bg7 4. d4 Nf6 5. g3 O-O 6. Bg2 d6 7. d5 c6 8. O-O e5
9. dxe6 Bxe6 10. Qd3 Qe7 11. Ng5 Nbd7 12. Nxe6 Qxe6 13. b3 Nc5 14. Qe3 Qxe3 15.
Bxe3 Nfe4 16. Nxe4 Nxe4 17. Rad1 Rfd8 18. Rd3 Kf7 19. Rfd1 Nc3 20. R1d2 Nb1 21.
Rc2 Na3 22. Rc1 Ke6 23. Rcd1 Bf6 24. Bc1 Nc2 25. a3 Rd7 26. R1d2 Ne1 27. Re3+
Kf7 28. Bh1 Re8 29. Rxe8 Kxe8 30. Kf1 Bc3 31. Kxe1 Kf7 32. Bb2 Bxd2+ 33. Kxd2
Ke6 34. Bd4 a6 35. Bf3 Rf7 36. Be3 h6 37. h4 Rh7 38. Bf4 h5 39. e4 Rd7 40. Kd3
fxe4+ 41. Bxe4 Rg7 42. a4 Rg8 43. a5 Rg7 44. Kd4 Rg8 45. b4 Rg7 46. Bg2 Rg8 47.
Be3 Rf8 48. Bh3+ Ke7 49. Bg5+ Kf7 50. Bf4 Rd8 51. Bg2 Ke6 52. Bg5 Rf8 53. f4
Re8 54. Be4 Kf7 55. f5 gxf5 56. Bxf5 Re5 57. Bc8 c5+ 58. Kc3 cxb4+ 59. Kxb4 Re8
60. Bf5 Re5 61. Bd7 Re1 62. Bf5 Re2 63. Kb3 Re5 64. Bc8 Rxa5 65. Bxb7 Ra1 66.
Bd5+ Kg6 67. Bf4 a5 68. Bxd6 Re1 69. c5 Rd1 70. Bc6 Kf5 71. Bd7+ Ke4 72. Be8
1-0